Všeobecná biológia : Návody na cvičenia

Guardado en:
Detalles Bibliográficos
Autores principales: Horáková, Katarína (Autor), Frank, Vladimír, 1941- (Autor)
Formato: Libro
Lenguaje:eslovaco
Publicado: Bratislava : SVŠT v Bratislave, 1987
Edición:3.vyd.
Etiquetas: Agregar Etiqueta
Sin Etiquetas, Sea el primero en etiquetar este registro!

MARC

LEADER 00000nam a22000003a 4500
001 stu53602
005 20150617225702.8
008 000517s1987----cs------------------slo-d
040 |a STU  |b slo 
041 0 |a slo 
044 |a cs 
080 |a 574/.578(075.8) 
100 1 |a Horáková, Katarína  |4 aut 
245 1 |a Všeobecná biológia :  |b Návody na cvičenia 
250 |a 3.vyd. 
260 |a Bratislava :  |b SVŠT v Bratislave,  |c 1987 
300 |a 84 s. Obr.,tab 
700 1 |a Frank, Vladimír,  |d 1941-  |4 aut  |u C3360  |U FCHPT Ústav biochémie, výživy a ochrany zdravia  |T FCHPT Oddelenie výživy a hodnotenia potravín  |X 3252  |U C3360  |Y 114  |7 A000003252 
996 |b 284C018126  |c C79072  |l CCI  |s A  |a 24  |w stu53602_0001 
996 |b 284C018125  |c C79073  |l CCI  |s A  |a 24  |w stu53602_0002